The International Who's who 1979-80. (Record no. 2389)

MARC details
000 -LEADER
fixed length control field 00371nam a22001217a 4500
005 - DATE AND TIME OF LATEST TRANSACTION
control field 20200914143220.0
008 - FIXED-LENGTH DATA ELEMENTS--GENERAL INFORMATION
fixed length control field 200914b ||||| |||| 00| 0 eng d
020 ## - INTERNATIONAL STANDARD BOOK NUMBER
International Standard Book Number 0905118367
040 ## - CATALOGING SOURCE
Transcribing agency CML
245 ## - TITLE STATEMENT
Title The International Who's who 1979-80.
260 ## - PUBLICATION, DISTRIBUTION, ETC.
Place of publication, distribution, etc. London
Name of publisher, distributor, etc. Europa Publications Limited
Date of publication, distribution, etc. 1979
942 ## - ADDED ENTRY ELEMENTS (KOHA)
Source of classification or shelving scheme Dewey Decimal Classification
Koha item type Books
Edition 40th Edition
Classification part 20.0205
Call number prefix R
Call number suffix INT

No items available.

Powered by Koha